| 000 | 00638nam a2200253Ia 4500 | ||
|---|---|---|---|
| 001 | Para_2177 | ||
| 003 | CHAP | ||
| 008 | 220125s1997 xx 000 0 und d | ||
| 010 | _a198762 | ||
| 040 | _cCHAP | ||
| 082 | _aPA 633.51 F36 | ||
| 110 |
_aFAO _939428 |
||
| 245 |
_aCotton pests and their control in the Near East / _c by FAO |
||
| 260 |
_aRome : _b La organización |
||
| 300 | _a275 p. | ||
| 650 |
_aAlgodón _x plagas _94046 |
||
| 901 | _aPA 633.51 F36 | ||
| 902 | _aA | ||
| 905 | _a0000001997 i 0000000000 00 | ||
| 910 | _a1997 | ||
| 942 | _cPARA | ||
| 942 |
_cPARA _d1 |
||
| 999 |
_c198762 _d198762 |
||